Debate sobre el aborto: cinco ensayos de filosofía moral.

Պահպանված է:
Մատենագիտական մանրամասներ
Հիմնական հեղինակ: Finnis, John
Ձևաչափ: Գիրք
Լեզու:իսպաներեն
Հրապարակվել է: Madrid, España Cátedra 1983
Շարք:Colección Teorema
Խորագրեր:
Ցուցիչներ: Ավելացրեք ցուցիչ
Չկան պիտակներ, Եղեք առաջինը, ով նշում է այս գրառումը!

MARC

LEADER 00000nam a2200000 a 4500
001 UCW8011
003 CL-VaPUC
005 20211211074051.0
008 880310e19830000SP |||||||||||||||||spa|d
999 |c 220528  |d 220526 
040 |c Pontificia Universidad Católica de Valparaíso 
082 0 4 |a 179.7 FIN 1983  |2 21 
100 0 |a Finnis, John  |9 313123 
245 1 0 |a Debate sobre el aborto: cinco ensayos de filosofía moral. 
260 0 3 |a Madrid, España  |b Cátedra  |c 1983 
300 |a 159 páginas. 
490 0 |a Colección Teorema 
583 |a last modification  |c 19880310 00:00:00  |k Rodrigo Vera 
650 0 |a Aborto  |9 256680 
650 0 |a Filosofía moral   |9 310115 
942 |c BK  |2 ddc 
945 |d 19880310 00:00:00 
952 |0 0  |1 0  |2 ddc  |4 0  |6 179_700000000000000_FIN_1983  |7 0  |8 A  |9 212877  |a BIBEDU  |b BIBEDU  |d 2019-11-15  |i 2811766  |o 179.7 FIN 1983  |p 2811766  |r 2019-11-15  |t 1  |w 2019-11-15  |y BK  |k FIL